[Event "Kuwait City Wafra Gulf op 3rd"]
[Site "Kuwait City"]
[Date "2024.05.17"]
[Round "2"]
[White "Rose, Sanju Thomas"]
[Black "Al Hajiri, Bader"]
[Result "0-1"]
[WhiteElo "1612"]
[BlackElo "1958"]
[PlyCount "97"]
[EventDate "2024.05.17"]
[EventType "swiss"]
[EventRounds "9"]
[EventCountry "KUW"]
[SourceTitle "CBM 220 Extra"]
[Source "ChessBase"]
[SourceDate "2024.07.31"]
[SourceVersion "1"]
[SourceVersionDate "2024.07.31"]
[SourceQuality "1"]

1. c4 e5 2. e4 Nf6 3. Nc3 c6 4. g3 d5 5. cxd5 cxd5 6. exd5 Nxd5 7. Bg2 Nb4 8. d3 Qxd3 9. Qxd3 Nxd3+ 10. Ke2 Nb4 11. a3 Nc2 12. Rb1 Nc6 13. Be3 N2d4+ 14. Ke1 Bf5 15. Rc1 Be7 16. Nd5 Bd6 17. Bxd4 exd4 18. Ne2 0-0 19. Nef4 Rfe8+ 20. Kd2 Be4 21. f3 Bf5 22. h4 Rad8 23. g4 Bc8 24. Rce1 Ne5 25. Re4 f5 26. gxf5 Bxf5 27. Rxd4 Bc5 28. Ra4 b5 29. Ra5 Nc4+ 30. Kc3 Nxa5 31. b4 Bd6 32. bxa5 Bxa3 33. Rd1 Bd6 34. Nh5 Be5+ 35. Kb4 Kf7 36. f4 Bd6+ 37. Kb3 g6 38. Nhf6 Re6 39. h5 Rxf6 40. Nxf6 Kxf6 41. hxg6 hxg6 42. Bc6 Be6+ 43. Kb2 Ba3+ 44. Kc2 Bb3+ 45. Kxb3 Rxd1 46. Kxa3 a6 47. Be4 Rd4 48. Bb7 Ra4+ 49. Kb3 0-1